Necker.

Saved in:
Bibliografiske detaljer
Hovedforfatter: Jolly, Pierre
Format: Bog
Sprog:French
Udgivet: Paris : Les Oeuvres Français, 1947.
Fag:
LEADER 00669nam a22001931 4500
001 c000364560
003 CARM
005 00000000000000.0
008 851211s1947 fr 00000 fre d
019 1 |a 4158654  |5 LACONCORD2021 
035 |a (OCoLC)1878865  |5 LACONCORD2021 
100 1 |a Jolly, Pierre. 
245 1 0 |a Necker. 
260 |a Paris :  |b Les Oeuvres Français,  |c 1947. 
600 1 0 |a Necker, Jacques,  |d 1732-1804. 
852 8 |b CARM  |h A1:AN21B0  |i B08798  |p 0413080  |f BK 
082 0 4 |a 944.035 
999 f f |i 14887c19-8979-510e-9fda-bea1c3b1602a  |s 94fc2b62-55f0-5383-b7df-eda17ae8da74 
952 f f |p Can circulate  |a CAVAL  |b CAVAL  |c CAVAL  |d CARM 1 Store  |e B08798  |f A1:AN21B0  |h Other scheme  |i book  |m 0413080